000 00952cam a2200277 4500
001 1727061
003 ARRUPE
005 20140520145717.0
008 730620s1972 sa a 000 0 eng
010 _a 73155679
015 _aSANB***
020 _a094995604X
040 _aDLC
_cDLC
_dDLC
043 _af-rh---
050 0 0 _aSPC DT962.9.N8
_bW74
082 0 0 _a916.89/1
100 1 _aWright, Allan.
_910423
245 1 0 _aValley of the ironwoods;
_ba personal record of ten years served as District Commissioner in Rhodesia's largest administrative area, Nuanetsi, in the south-eastern Lowveld.
260 _a[Cape Town,
_bT. V. Bulpin,
_c1972]
300 _a397 p.
_billus.
_c25 cm.
600 1 0 _aWright, Allan.
_910424
650 0 _aIndigenous peoples
_zZimbabwe.
_910425
651 0 _aNuanetsi District, Southern Rhodesia
_xDescription and travel.
_910426
906 _a7
_bcbc
_corignew
_d4
_encip
_f19
_gy-gencatlg
942 _2lcc
_cMONOGRAPH
999 _c120558
_d120558